[Event "European Chess Club Cup 2023"]
[Site "Durres, Albania"]
[Date "2023.10.07"]
[Round "7.11"]
[White "Hansen, Eric"]
[Black "Movsesian, Sergei"]
[Result "1/2-1/2"]
[TimeControl "90' + 30' & 30\""]
[WhiteElo "2609"]
[BlackElo "2606"]

1. e4 {[%clk 01:30:53]} {[%emt 00:00:07]} c6 {[%clk 01:30:55]} {[%emt
00:00:05]} 2. Nf3 {[%clk 01:26:09]} {[%emt 00:05:13]} d5 {[%clk 01:31:10]}
{[%emt 00:00:14]} 3. d3 {[%clk 01:26:35]} {[%emt 00:00:06]} Nd7 {[%clk
01:31:33]} {[%emt 00:00:07]} 4. exd5 {[%clk 01:21:28]} {[%emt 00:05:37]} cxd5
{[%clk 01:31:58]} {[%emt 00:00:04]} 5. d4 {[%clk 01:21:52]} {[%emt 00:00:07]}
e6 {[%clk 01:31:33]} {[%emt 00:00:55]} 6. Bf4 {[%clk 01:20:52]} {[%emt
00:01:30]} Ngf6 {[%clk 01:31:45]} {[%emt 00:00:17]} 7. c3 {[%clk 01:19:15]}
{[%emt 00:02:07]} Nh5 {[%clk 01:27:33]} {[%emt 00:04:42]} 8. Bg5 {[%clk
01:11:30]} {[%emt 00:08:16]} Qc7 {[%clk 01:23:15]} {[%emt 00:04:47]} 9. Nbd2
{[%clk 01:11:01]} {[%emt 00:00:59]} h6 {[%clk 01:21:20]} {[%emt 00:02:25]} 10.
Be3 {[%clk 01:08:40]} {[%emt 00:02:52]} Nhf6 {[%clk 01:18:33]} {[%emt
00:03:17]} 11. h3 {[%clk 01:08:15]} {[%emt 00:00:55]} Be7 {[%clk 01:13:50]}
{[%emt 00:05:13]} 12. Bd3 {[%clk 00:53:24]} {[%emt 00:15:21]} b6 {[%clk
01:11:30]} {[%emt 00:02:49]} 13. a4 {[%clk 00:50:40]} {[%emt 00:03:14]} Bb7
{[%clk 01:09:02]} {[%emt 00:02:58]} 14. Qc2 {[%clk 00:44:02]} {[%emt 00:07:08]}
a5 {[%clk 01:00:23]} {[%emt 00:09:09]} 15. g4 {[%clk 00:31:00]} {[%emt
00:13:32]} Bc6 {[%clk 00:52:05]} {[%emt 00:08:48]} 16. O-O-O {[%clk 00:29:09]}
{[%emt 00:02:21]} O-O-O {[%clk 00:41:51]} {[%emt 00:10:45]} 17. Kb1 {[%clk
00:23:03]} {[%emt 00:06:36]} Kb8 {[%clk 00:40:40]} {[%emt 00:01:40]} 18. Qb3
{[%clk 00:19:18]} {[%emt 00:04:16]} Ka7 {[%clk 00:35:33]} {[%emt 00:05:36]} 19.
Rc1 {[%clk 00:18:05]} {[%emt 00:01:44]} Rc8 {[%clk 00:33:21]} {[%emt 00:02:41]}
20. Bb5 {[%clk 00:16:37]} {[%emt 00:01:59]} g5 {[%clk 00:27:31]} {[%emt
00:06:20]} 21. Rhd1 {[%clk 00:07:26]} {[%emt 00:09:41]} Rhd8 {[%clk 00:18:48]}
{[%emt 00:09:13]} 22. Ne1 {[%clk 00:06:16]} {[%emt 00:01:40]} Ne8 {[%clk
00:16:33]} {[%emt 00:02:44]} 23. Bf1 {[%clk 00:04:17]} {[%emt 00:02:30]} Nd6
{[%clk 00:14:29]} {[%emt 00:02:34]} 24. Nc2 {[%clk 00:04:17]} {[%emt 00:00:30]}
Nf6 {[%clk 00:11:10]} {[%emt 00:03:49]} 25. Na3 {[%clk 00:04:15]} {[%emt
00:00:32]} Qd7 {[%clk 00:05:06]} {[%emt 00:06:34]} 26. Nb5+ {[%clk 00:04:37]}
{[%emt 00:00:08]} Kb7 {[%clk 00:05:05]} {[%emt 00:00:31]} 27. Nf3 {[%clk
00:03:11]} {[%emt 00:01:56]} Bxb5 {[%clk 00:01:32]} {[%emt 00:04:03]} 28. axb5
{[%clk 00:03:35]} {[%emt 00:00:05]} Rc4 {[%clk 00:01:23]} {[%emt 00:00:40]} 29.
Ne5 {[%clk 00:03:34]} {[%emt 00:00:31]} a4 {[%clk 00:01:50]} {[%emt 00:00:03]}
30. Qxc4 {[%clk 00:02:55]} {[%emt 00:01:09]} dxc4 {[%clk 00:02:13]} {[%emt
00:00:07]} 31. Bg2+ {[%clk 00:03:09]} {[%emt 00:00:16]} Nd5 {[%clk 00:02:26]}
{[%emt 00:00:17]} 32. Nxd7 {[%clk 00:03:32]} {[%emt 00:00:07]} Rxd7 {[%clk
00:02:54]} {[%emt 00:00:02]} 33. Kc2 {[%clk 00:00:59]} {[%emt 00:03:02]} Nxb5
{[%clk 00:02:27]} {[%emt 00:00:58]} 34. Ra1 {[%clk 00:01:16]} {[%emt 00:00:13]}
a3 {[%clk 00:02:22]} {[%emt 00:00:35]} 35. Bd2 {[%clk 00:00:32]} {[%emt
00:01:14]} Rd8 {[%clk 00:01:07]} {[%emt 00:01:45]} 36. b3 {[%clk 00:00:36]}
{[%emt 00:00:26]} cxb3+ {[%clk 00:00:36]} {[%emt 00:01:01]} 37. Kxb3 {[%clk
00:01:05]} {[%emt 00:00:01]} Rc8 {[%clk 00:00:33]} {[%emt 00:00:34]} 38. Rdc1
{[%clk 00:00:44]} {[%emt 00:00:50]} Kc7 {[%clk 00:00:33]} {[%emt 00:00:30]} 39.
Bf1 {[%clk 00:01:05]} {[%emt 00:00:09]} Na7 {[%clk 00:00:49]} {[%emt 00:00:14]}
40. c4 {[%clk 00:00:39]} {[%emt 00:00:56]} Nf4 {[%clk 00:00:38]} {[%emt
00:00:41]} 41. Bxf4+ {[%clk 00:17:23]} {[%emt 00:13:46]} 1/2-1/2

[Event "European Chess Club Cup 2023"]
[Site "Durres, Albania"]
[Date "2023.10.07"]
[Round "7.12"]
[White "Cornette, Matthieu"]
[Black "Urkedal, Frode Olav Olsen"]
[Result "1-0"]
[TimeControl "90' + 30' & 30\""]
[WhiteElo "2581"]
[BlackElo "2519"]

1. e4 {[%clk 01:30:55]} {[%emt 00:00:05]} e5 {[%clk 01:30:56]} {[%emt
00:00:04]} 2. Nf3 {[%clk 01:31:17]} {[%emt 00:00:08]} Nc6 {[%clk 01:31:22]}
{[%emt 00:00:04]} 3. Bb5 {[%clk 01:31:34]} {[%emt 00:00:12]} Nf6 {[%clk
01:31:46]} {[%emt 00:00:08]} 4. O-O {[%clk 01:31:15]} {[%emt 00:00:48]} Nxe4
{[%clk 01:32:09]} {[%emt 00:00:08]} 5. Re1 {[%clk 01:31:26]} {[%emt 00:00:18]}
Nd6 {[%clk 01:32:33]} {[%emt 00:00:06]} 6. Nxe5 {[%clk 01:31:29]} {[%emt
00:00:28]} Be7 {[%clk 01:32:46]} {[%emt 00:00:17]} 7. Bf1 {[%clk 01:31:46]}
{[%emt 00:00:13]} Nxe5 {[%clk 01:33:10]} {[%emt 00:00:06]} 8. Rxe5 {[%clk
01:32:11]} {[%emt 00:00:05]} O-O {[%clk 01:33:30]} {[%emt 00:00:09]} 9. d4
{[%clk 01:32:04]} {[%emt 00:00:38]} Bf6 {[%clk 01:30:42]} {[%emt 00:03:18]} 10.
Re1 {[%clk 01:31:31]} {[%emt 00:01:02]} Re8 {[%clk 01:29:43]} {[%emt 00:01:29]}
11. Nc3 {[%clk 01:30:33]} {[%emt 00:01:28]} Rxe1 {[%clk 01:20:12]} 12. Qxe1
{[%clk 01:29:52]} {[%emt 00:11:12]} Bxd4 {[%clk 01:14:22]} {[%emt 00:06:20]} 13.
Bf4 {[%clk 01:29:21]} {[%emt 00:01:02]} Ne8 {[%clk 01:08:25]} {[%emt 00:06:27]}
14. Nd5 {[%clk 01:29:04]} {[%emt 00:00:46]} d6 {[%clk 01:07:25]} {[%emt
00:01:31]} 15. Bg5 {[%clk 01:28:52]} {[%emt 00:00:42]} f6 {[%clk 01:07:20]}
{[%emt 00:00:35]} 16. Bh4 {[%clk 01:28:06]} {[%emt 00:01:16]} Bxb2 {[%clk
01:06:23]} {[%emt 00:01:26]} 17. Rb1 {[%clk 01:27:19]} {[%emt 00:01:17]} Be5
{[%clk 01:06:16]} {[%emt 00:00:37]} 18. f4 {[%clk 01:26:30]} {[%emt 00:01:19]}
Bd4+ {[%clk 00:39:18]} {[%emt 00:27:29]} 19. Kh1 {[%clk 01:25:32]} {[%emt
00:01:28]} Kh8 {[%clk 00:33:10]} {[%emt 00:06:38]} 20. Bd3 {[%clk 00:50:53]}
{[%emt 00:35:08]} c6 {[%clk 00:27:35]} {[%emt 00:06:05]} 21. Ne7 {[%clk
00:40:09]} {[%emt 00:11:14]} d5 {[%clk 00:24:01]} {[%emt 00:04:04]} 22. Qe2
{[%clk 00:36:10]} {[%emt 00:04:29]} h6 {[%clk 00:21:28]} {[%emt 00:03:04]} 23.
Ng6+ {[%clk 00:19:36]} {[%emt 00:17:03]} Kg8 {[%clk 00:21:51]} {[%emt
00:00:08]} 24. Rxb7 {[%clk 00:19:26]} {[%emt 00:00:40]} Nd6 {[%clk 00:21:47]}
{[%emt 00:00:33]} 25. Ne7+ {[%clk 00:19:02]} {[%emt 00:00:54]} Kf8 {[%clk
00:18:47]} {[%emt 00:03:31]} 26. Ng6+ {[%clk 00:19:14]} {[%emt 00:00:18]} Kg8
{[%clk 00:19:12]} {[%emt 00:00:05]} 27. Ne7+ {[%clk 00:19:23]} {[%emt
00:00:21]} Kf8 {[%clk 00:19:38]} {[%emt 00:00:04]} 28. Nxc6 {[%clk 00:19:42]}
{[%emt 00:00:10]} Qe8 {[%clk 00:19:56]} {[%emt 00:00:12]} 29. Qxe8+ {[%clk
00:19:45]} {[%emt 00:00:27]} Nxe8 {[%clk 00:20:17]} {[%emt 00:00:10]} 30. Rb5
{[%clk 00:18:04]} {[%emt 00:02:11]} Be3 {[%clk 00:19:32]} {[%emt 00:01:14]} 31.
Be1 {[%clk 00:16:51]} {[%emt 00:01:44]} Nc7 {[%clk 00:18:15]} {[%emt 00:01:46]}
32. Rb4 {[%clk 00:16:22]} {[%emt 00:01:00]} Bd7 {[%clk 00:15:00]} {[%emt
00:03:44]} 33. Rb7 {[%clk 00:14:57]} {[%emt 00:01:55]} Bxc6 {[%clk 00:11:27]}
{[%emt 00:04:04]} 34. Bb4+ {[%clk 00:13:52]} {[%emt 00:01:35]} Kg8 {[%clk
00:11:49]} {[%emt 00:00:08]} 35. Rxc7 {[%clk 00:14:19]} {[%emt 00:00:02]} Be8
{[%clk 00:10:52]} {[%emt 00:01:27]} 36. g3 {[%clk 00:12:40]} {[%emt 00:02:09]}
Bb6 {[%clk 00:10:18]} {[%emt 00:01:04]} 37. Re7 {[%clk 00:12:44]} {[%emt
00:00:27]} Bf7 {[%clk 00:06:06]} {[%emt 00:04:42]} 38. Kg2 {[%clk 00:09:24]}
{[%emt 00:03:51]} a5 {[%clk 00:03:23]} {[%emt 00:03:12]} 39. Bd6 {[%clk
00:07:56]} {[%emt 00:01:58]} Bd8 {[%clk 00:02:37]} {[%emt 00:01:15]} 40. Rb7
{[%clk 00:06:05]} {[%emt 00:02:21]} d4 {[%clk 00:02:31]} {[%emt 00:00:37]} 41.
Rb2 {[%clk 00:02:23]} {[%emt 00:04:11]} Bd5+ {[%clk 00:02:21]} {[%emt
00:00:40]} 42. Kf2 {[%clk 00:02:41]} {[%emt 00:00:13]} Kf7 {[%clk 00:02:12]}
{[%emt 00:00:39]} 43. Bc5 {[%clk 00:28:35]} {[%emt 00:04:36]} a4 {[%clk
00:31:36]} {[%emt 00:01:06]} 44. a3 {[%clk 00:20:44]} {[%emt 00:08:21]} g5
{[%clk 00:27:31]} {[%emt 00:04:35]} 45. f5 {[%clk 00:19:12]} {[%emt 00:02:02]}
Ra5 {[%clk 00:21:20]} {[%emt 00:06:41]} 46. Bxd4 {[%clk 00:18:15]} {[%emt
00:01:27]} Be7 {[%clk 00:21:45]} {[%emt 00:00:05]} 47. c4 {[%clk 00:16:22]}
{[%emt 00:02:24]} Bc6 {[%clk 00:20:40]} {[%emt 00:01:35]} 48. Rb6 {[%clk
00:14:46]} {[%emt 00:02:05]} Bd7 {[%clk 00:20:47]} {[%emt 00:00:23]} 49. g4
{[%clk 00:14:36]} {[%emt 00:00:41]} h5 {[%clk 00:21:06]} {[%emt 00:00:11]} 50.
h3 {[%clk 00:14:38]} {[%emt 00:00:28]} hxg4 {[%clk 00:21:31]} {[%emt 00:00:05]}
51. hxg4 {[%clk 00:15:02]} {[%emt 00:00:04]} Bxa3 {[%clk 00:20:11]} {[%emt
00:01:51]} 52. Rxf6+ {[%clk 00:14:50]} {[%emt 00:00:43]} Ke8 {[%clk 00:19:18]}
{[%emt 00:01:23]} 53. Rg6 {[%clk 00:13:19]} {[%emt 00:02:01]} Bc5 {[%clk
00:19:43]} {[%emt 00:00:04]} 54. Bxc5 {[%clk 00:12:13]} {[%emt 00:01:36]} Rxc5
{[%clk 00:20:09]} {[%emt 00:00:04]} 55. Ra6 {[%clk 00:08:05]} {[%emt 00:04:38]}
Re5 {[%clk 00:18:45]} {[%emt 00:01:54]} 56. Kf3 {[%clk 00:07:47]} {[%emt
00:00:48]} Kf7 {[%clk 00:18:41]} {[%emt 00:00:34]} 57. Bc2 {[%clk 00:07:31]}
{[%emt 00:00:47]} Re1 {[%clk 00:18:59]} {[%emt 00:00:12]} 58. Ra7 {[%clk
00:06:16]} {[%emt 00:01:45]} Re7 {[%clk 00:18:59]} {[%emt 00:00:29]} 59. Ra6
{[%clk 00:04:30]} {[%emt 00:02:16]} Re1 {[%clk 00:19:14]} {[%emt 00:00:15]} 60.
Bxa4 {[%clk 00:04:30]} {[%emt 00:00:30]} Bxa4 {[%clk 00:19:22]} {[%emt
00:00:23]} 61. Rxa4 {[%clk 00:04:48]} {[%emt 00:00:12]} Rf1+ {[%clk 00:18:47]}
{[%emt 00:01:05]} 62. Ke4 {[%clk 00:03:35]} {[%emt 00:01:43]} Rf4+ {[%clk
00:19:12]} {[%emt 00:00:05]} 63. Ke5 {[%clk 00:04:00]} {[%emt 00:00:05]} Rxg4
{[%clk 00:19:38]} {[%emt 00:00:04]} 64. Ra7+ {[%clk 00:04:27]} {[%emt
00:00:02]} Kg8 {[%clk 00:19:44]} {[%emt 00:00:24]} 65. Kf6 {[%clk 00:03:46]}
{[%emt 00:01:11]} Rxc4 {[%clk 00:17:13]} {[%emt 00:03:01]} 66. Kg6 {[%clk
00:04:05]} {[%emt 00:00:11]} Rc8 {[%clk 00:17:15]} {[%emt 00:00:28]} 67. f6
{[%clk 00:04:30]} {[%emt 00:00:06]} g4 {[%clk 00:17:17]} {[%emt 00:00:28]} 68.
Rg7+ {[%clk 00:04:54]} {[%emt 00:00:06]} Kf8 {[%clk 00:17:43]} {[%emt
00:00:04]} 69. Rh7 {[%clk 00:05:19]} {[%emt 00:00:04]} 1-0

[Event "European Chess Club Cup 2023"]
[Site "Durres, Albania"]
[Date "2023.10.07"]
[Round "7.13"]
[White "Sanal, Vahap"]
[Black "Donchenko, Alexander"]
[Result "1-0"]
[TimeControl "90' + 30' & 30\""]
[WhiteElo "2603"]
[BlackElo "2676"]

1. e4 {[%clk 01:30:57]} {[%emt 00:00:02]} c5 {[%clk 01:30:48]} {[%emt
00:00:13]} 2. Nf3 {[%clk 01:31:20]} {[%emt 00:00:05]} d6 {[%clk 01:31:07]}
{[%emt 00:00:12]} 3. d4 {[%clk 01:31:42]} {[%emt 00:00:08]} cxd4 {[%clk
01:31:31]} {[%emt 00:00:07]} 4. Nxd4 {[%clk 01:32:08]} {[%emt 00:00:04]} Nf6
{[%clk 01:31:49]} {[%emt 00:00:12]} 5. Nc3 {[%clk 01:32:29]} {[%emt 00:00:08]}
a6 {[%clk 01:32:13]} {[%emt 00:00:07]} 6. a4 {[%clk 01:32:44]} {[%emt
00:00:15]} e5 {[%clk 01:30:55]} {[%emt 00:01:48]} 7. Nf3 {[%clk 01:33:00]}
{[%emt 00:00:13]} h6 {[%clk 01:24:41]} {[%emt 00:06:45]} 8. g3 {[%clk
01:32:58]} {[%emt 00:00:31]} Be7 {[%clk 01:22:32]} {[%emt 00:02:39]} 9. Bg2
{[%clk 01:33:19]} {[%emt 00:00:09]} O-O {[%clk 01:21:38]} {[%emt 00:01:26]} 10.
O-O {[%clk 01:33:37]} {[%emt 00:00:11]} Nc6 {[%clk 01:21:37]} {[%emt 00:00:31]}
11. Re1 {[%clk 01:27:01]} {[%emt 00:07:05]} Nb4 {[%clk 01:21:55]} {[%emt
00:00:13]} 12. Be3 {[%clk 01:06:32]} {[%emt 00:20:57]} Be6 {[%clk 01:16:47]}
{[%emt 00:05:38]} 13. a5 {[%clk 01:05:40]} {[%emt 00:01:23]} Rc8 {[%clk
01:10:19]} {[%emt 00:06:59]} 14. Ra4 {[%clk 01:01:11]} {[%emt 00:04:57]} d5
{[%clk 01:06:42]} {[%emt 00:04:09]} 15. exd5 {[%clk 00:50:18]} {[%emt
00:11:23]} Nfxd5 {[%clk 01:00:14]} {[%emt 00:06:58]} 16. Nxd5 {[%clk 00:50:18]}
{[%emt 00:00:30]} Nxd5 {[%clk 00:58:03]} {[%emt 00:02:41]} 17. Bd2 {[%clk
00:50:19]} {[%emt 00:00:29]} e4 {[%clk 00:40:53]} {[%emt 00:17:42]} 18. Rexe4
{[%clk 00:43:00]} {[%emt 00:07:48]} Bf5 {[%clk 00:39:52]} {[%emt 00:01:30]} 19.
Rec4 {[%clk 00:43:06]} {[%emt 00:00:23]} Bc5 {[%clk 00:33:55]} {[%emt
00:06:29]} 20. Nd4 {[%clk 00:37:02]} {[%emt 00:06:33]} Bxd4 {[%clk 00:31:31]}
{[%emt 00:02:55]} 21. Rxd4 {[%clk 00:33:03]} {[%emt 00:04:29]} Bxc2 {[%clk
00:31:19]} {[%emt 00:00:42]} 22. Qa1 {[%clk 00:26:55]} {[%emt 00:06:38]} Bxa4
{[%clk 00:25:37]} {[%emt 00:06:13]} 23. Qxa4 {[%clk 00:27:06]} {[%emt
00:00:18]} Rc5 {[%clk 00:23:07]} {[%emt 00:03:00]} 24. Qb3 {[%clk 00:23:07]}
{[%emt 00:04:28]} Rb5 {[%clk 00:22:24]} {[%emt 00:01:14]} 25. Qd3 {[%clk
00:23:11]} {[%emt 00:00:25]} Rxb2 {[%clk 00:20:21]} {[%emt 00:02:34]} 26. Bxd5
{[%clk 00:23:04]} {[%emt 00:00:37]} Qc8 {[%clk 00:20:24]} {[%emt 00:00:27]} 27.
Bc3 {[%clk 00:18:50]} {[%emt 00:04:44]} Rb5 {[%clk 00:20:41]} {[%emt 00:00:13]}
28. Rc4 {[%clk 00:19:03]} {[%emt 00:00:17]} Qd8 {[%clk 00:20:07]} {[%emt
00:01:04]} 29. Rg4 {[%clk 00:18:58]} {[%emt 00:00:33]} 1-0

[Event "European Chess Club Cup 2023"]
[Site "Durres, Albania"]
[Date "2023.10.07"]
[Round "7.14"]
[White "Vallejo Pons, Francisco"]
[Black "Yilmaz, Mustafa"]
[Result "0-1"]
[TimeControl "90' + 30' & 30\""]
[WhiteElo "2680"]
[BlackElo "2640"]

1. e4 {[%clk 01:30:53]} {[%emt 00:00:05]} c5 {[%clk 01:30:55]} {[%emt
00:00:06]} 2. Nf3 {[%clk 01:31:16]} {[%emt 00:00:07]} d6 {[%clk 01:31:20]}
{[%emt 00:00:04]} 3. d4 {[%clk 01:31:23]} {[%emt 00:00:24]} cxd4 {[%clk
01:31:45]} {[%emt 00:00:05]} 4. Nxd4 {[%clk 01:31:45]} {[%emt 00:00:08]} Nf6
{[%clk 01:32:11]} {[%emt 00:00:04]} 5. Nc3 {[%clk 01:32:08]} {[%emt 00:00:07]}
a6 {[%clk 01:32:38]} {[%emt 00:00:03]} 6. Qd3 {[%clk 01:31:16]} {[%emt
00:01:22]} g6 {[%clk 01:31:29]} {[%emt 00:01:39]} 7. g3 {[%clk 01:25:21]}
{[%emt 00:06:25]} Bg7 {[%clk 01:27:10]} {[%emt 00:04:49]} 8. Bg2 {[%clk
01:25:28]} {[%emt 00:00:23]} O-O {[%clk 01:26:20]} {[%emt 00:01:21]} 9. b3
{[%clk 01:19:54]} {[%emt 00:06:03]} Nc6 {[%clk 01:15:36]} {[%emt 00:11:14]} 10.
Nxc6 {[%clk 01:14:19]} {[%emt 00:06:05]} bxc6 {[%clk 01:13:25]} {[%emt
00:02:40]} 11. Bb2 {[%clk 01:14:40]} {[%emt 00:00:10]} Qa5 {[%clk 01:04:24]}
{[%emt 00:09:30]} 12. Qd2 {[%clk 01:04:06]} {[%emt 00:11:05]} d5 {[%clk
00:53:36]} {[%emt 00:11:19]} 13. e5 {[%clk 00:55:58]} {[%emt 00:08:37]} Nd7
{[%clk 00:47:59]} {[%emt 00:06:07]} 14. f4 {[%clk 00:54:54]} {[%emt 00:01:34]}
Qc7 {[%clk 00:40:23]} {[%emt 00:08:05]} 15. Na4 {[%clk 00:49:08]} {[%emt
00:06:18]} a5 {[%clk 00:37:38]} {[%emt 00:03:14]} 16. h4 {[%clk 00:34:35]}
{[%emt 00:15:04]} Nb6 {[%clk 00:33:57]} {[%emt 00:04:10]} 17. Nxb6 {[%clk
00:30:43]} {[%emt 00:04:22]} Qxb6 {[%clk 00:34:26]} {[%emt 00:00:01]} 18. Bd4
{[%clk 00:29:56]} {[%emt 00:01:18]} c5 {[%clk 00:28:04]} {[%emt 00:06:52]} 19.
Bf2 {[%clk 00:29:39]} {[%emt 00:00:47]} Bb7 {[%clk 00:26:24]} {[%emt 00:02:09]}
20. h5 {[%clk 00:27:15]} {[%emt 00:02:55]} d4 {[%clk 00:19:50]} {[%emt
00:07:04]} 21. Kf1 {[%clk 00:27:35]} {[%emt 00:00:10]} a4 {[%clk 00:19:34]}
{[%emt 00:00:45]} 22. h6 {[%clk 00:25:57]} {[%emt 00:02:09]} Bh8 {[%clk
00:19:23]} {[%emt 00:00:41]} 23. b4 {[%clk 00:18:12]} {[%emt 00:08:15]} f6
{[%clk 00:14:52]} {[%emt 00:05:00]} 24. exf6 {[%clk 00:15:17]} {[%emt
00:03:25]} Bxf6 {[%clk 00:14:38]} {[%emt 00:00:44]} 25. bxc5 {[%clk 00:15:26]}
{[%emt 00:00:21]} Bxg2+ {[%clk 00:14:42]} {[%emt 00:00:27]} 26. Kxg2 {[%clk
00:15:54]} {[%emt 00:00:02]} Qc6+ {[%clk 00:15:04]} {[%emt 00:00:07]} 27. Kh2
{[%clk 00:15:04]} {[%emt 00:01:21]} Qxc5 {[%clk 00:13:16]} {[%emt 00:02:18]} 28.
Rad1 {[%clk 00:13:17]} {[%emt 00:02:17]} Rfd8 {[%clk 00:08:57]} {[%emt
00:04:48]} 29. Qe2 {[%clk 00:12:27]} {[%emt 00:01:20]} Rac8 {[%clk 00:08:32]}
{[%emt 00:00:54]} 30. Rd2 {[%clk 00:11:53]} {[%emt 00:01:05]} Qc4 {[%clk
00:05:53]} {[%emt 00:03:09]} 31. g4 {[%clk 00:07:31]} {[%emt 00:04:53]} g5
{[%clk 00:03:57]} {[%emt 00:02:26]} 32. fxg5 {[%clk 00:01:50]} {[%emt
00:06:10]} Bxg5 {[%clk 00:03:31]} {[%emt 00:00:56]} 33. Qe5 {[%clk 00:00:33]}
{[%emt 00:01:48]} Bxh6 {[%clk 00:00:48]} {[%emt 00:03:12]} 0-1

[Event "European Chess Club Cup 2023"]
[Site "Durres, Albania"]
[Date "2023.10.07"]
[Round "7.15"]
[White "Can, Emre"]
[Black "Bluebaum, Matthias"]
[Result "0-1"]
[TimeControl "90' + 30' & 30\""]
[WhiteElo "2576"]
[BlackElo "2668"]

1. d4 {[%clk 01:30:53]} {[%emt 00:00:06]} Nf6 {[%clk 01:30:49]} {[%emt
00:00:12]} 2. c4 {[%clk 01:31:07]} {[%emt 00:00:15]} e6 {[%clk 01:31:14]}
{[%emt 00:00:06]} 3. Nf3 {[%clk 01:31:09]} {[%emt 00:00:28]} d5 {[%clk
01:31:32]} {[%emt 00:00:12]} 4. g3 {[%clk 01:31:09]} {[%emt 00:00:30]} dxc4
{[%clk 01:31:35]} {[%emt 00:00:27]} 5. Bg2 {[%clk 01:31:30]} {[%emt 00:00:08]}
Nc6 {[%clk 01:31:51]} {[%emt 00:00:15]} 6. O-O {[%clk 01:31:12]} {[%emt
00:00:49]} Rb8 {[%clk 01:32:07]} {[%emt 00:00:13]} 7. Nc3 {[%clk 01:31:34]}
{[%emt 00:00:07]} Bb4 {[%clk 01:32:03]} {[%emt 00:00:35]} 8. Qc2 {[%clk
01:24:51]} {[%emt 00:07:13]} O-O {[%clk 01:31:58]} {[%emt 00:00:34]} 9. Rd1
{[%clk 01:20:04]} {[%emt 00:05:18]} Re8 {[%clk 01:29:42]} {[%emt 00:02:46]} 10.
e4 {[%clk 01:15:25]} {[%emt 00:05:09]} h6 {[%clk 01:29:05]} {[%emt 00:01:07]}
11. g4 {[%clk 01:05:24]} {[%emt 00:10:31]} Nh7 {[%clk 01:14:24]} {[%emt
00:15:11]} 12. Bf4 {[%clk 00:58:13]} {[%emt 00:07:41]} Bd6 {[%clk 00:59:20]}
{[%emt 00:15:34]} 13. e5 {[%clk 00:57:48]} {[%emt 00:00:55]} Bf8 {[%clk
00:59:15]} {[%emt 00:00:35]} 14. Ne4 {[%clk 00:38:39]} {[%emt 00:19:39]} Nb4
{[%clk 00:54:35]} {[%emt 00:05:10]} 15. Qxc4 {[%clk 00:38:40]} {[%emt
00:00:29]} b6 {[%clk 00:55:03]} {[%emt 00:00:02]} 16. Bd2 {[%clk 00:33:36]}
{[%emt 00:05:33]} Qd5 {[%clk 00:49:38]} {[%emt 00:05:56]} 17. Qxd5 {[%clk
00:22:10]} {[%emt 00:11:56]} exd5 {[%clk 00:49:47]} {[%emt 00:00:21]} 18. Nc3
{[%clk 00:22:23]} {[%emt 00:00:17]} Bxg4 {[%clk 00:49:36]} {[%emt 00:00:40]} 19.
Bf4 {[%clk 00:16:36]} {[%emt 00:06:18]} c5 {[%clk 00:40:46]} {[%emt 00:09:21]}
20. Rd2 {[%clk 00:09:04]} {[%emt 00:08:01]} Red8 {[%clk 00:33:24]} {[%emt
00:07:52]} 21. dxc5 {[%clk 00:07:45]} {[%emt 00:01:50]} bxc5 {[%clk 00:33:03]}
{[%emt 00:00:50]} 22. a3 {[%clk 00:08:02]} {[%emt 00:00:13]} Nc6 {[%clk
00:27:31]} {[%emt 00:06:03]} 23. e6 {[%clk 00:06:53]} {[%emt 00:01:38]} Rb7
{[%clk 00:25:20]} {[%emt 00:02:41]} 24. exf7+ {[%clk 00:07:07]} {[%emt
00:00:16]} Rxf7 {[%clk 00:25:49]} {[%emt 00:00:01]} 25. Ne5 {[%clk 00:07:30]}
{[%emt 00:00:07]} Nxe5 {[%clk 00:25:46]} {[%emt 00:00:33]} 26. Bxe5 {[%clk
00:07:42]} {[%emt 00:00:18]} d4 {[%clk 00:26:01]} {[%emt 00:00:16]} 27. Ne4
{[%clk 00:07:04]} {[%emt 00:01:07]} Ng5 {[%clk 00:20:27]} {[%emt 00:06:04]} 28.
Nxg5 {[%clk 00:07:24]} {[%emt 00:00:10]} hxg5 {[%clk 00:20:56]} 29. Rc1 {[%clk
00:06:45]} {[%emt 00:01:09]} Rf5 {[%clk 00:20:08]} {[%emt 00:01:18]} 30. Bc7
{[%clk 00:06:07]} {[%emt 00:01:08]} Rd7 {[%clk 00:20:08]} {[%emt 00:00:31]} 31.
Bg3 {[%clk 00:06:27]} {[%emt 00:00:09]} Bf3 {[%clk 00:20:20]} {[%emt 00:00:18]}
32. Bf1 {[%clk 00:06:43]} {[%emt 00:00:14]} Rf6 {[%clk 00:17:59]} {[%emt
00:02:51]} 33. Bb5 {[%clk 00:05:21]} {[%emt 00:01:51]} Bc6 {[%clk 00:17:56]}
{[%emt 00:00:33]} 34. Bc4+ {[%clk 00:05:39]} {[%emt 00:00:13]} Bd5 {[%clk
00:17:57]} {[%emt 00:00:29]} 35. b4 {[%clk 00:05:47]} {[%emt 00:00:22]} Bxc4
{[%clk 00:17:18]} {[%emt 00:01:10]} 36. Rxc4 {[%clk 00:06:15]} {[%emt
00:00:01]} cxb4 {[%clk 00:16:48]} {[%emt 00:01:00]} 37. axb4 {[%clk 00:06:36]}
{[%emt 00:00:09]} d3 {[%clk 00:17:10]} {[%emt 00:00:08]} 38. Be5 {[%clk
00:05:32]} {[%emt 00:01:34]} Re6 {[%clk 00:15:28]} {[%emt 00:02:13]} 39. Bc3
{[%clk 00:05:43]} {[%emt 00:00:18]} Red6 {[%clk 00:11:28]} {[%emt 00:04:30]} 40.
Kg2 {[%clk 00:02:51]} {[%emt 00:03:22]} Rd5 {[%clk 00:11:17]} {[%emt 00:00:42]}
41. Kf3 {[%clk 00:29:30]} {[%emt 00:03:49]} Bd6 {[%clk 00:39:41]} {[%emt
00:02:06]} 42. h4 {[%clk 00:27:24]} {[%emt 00:02:36]} Be7 {[%clk 00:33:41]}
{[%emt 00:06:31]} 43. hxg5 {[%clk 00:27:26]} {[%emt 00:00:27]} Bxg5 {[%clk
00:33:47]} {[%emt 00:00:24]} 44. Rd1 {[%clk 00:27:37]} {[%emt 00:00:19]} d2
{[%clk 00:32:24]} {[%emt 00:01:54]} 45. Ke4 {[%clk 00:26:12]} {[%emt 00:01:55]}
Bf6 {[%clk 00:30:31]} {[%emt 00:02:23]} 46. Bxf6 {[%clk 00:21:35]} {[%emt
00:05:07]} gxf6 {[%clk 00:30:34]} {[%emt 00:00:27]} 47. Rc2 {[%clk 00:20:54]}
{[%emt 00:01:09]} Rd3 {[%clk 00:28:59]} {[%emt 00:02:06]} 48. Rc7 {[%clk
00:13:56]} {[%emt 00:07:29]} f5+ {[%clk 00:26:33]} {[%emt 00:02:56]} 0-1